000
00316nam a2200145Ia 4500
100
_a
Cantu/Marco
942
_c
BK
654
_a
Computer
245
_a
Mastering Delphi 2 for Win 95/NT
260
_b
BPB Publication
_a
Delhi
_c
1996
082
_a
5.133
_b
CAN/W
300
_a
1043
546
_a
ENGLISH
999
_c
25617
_d
25617